Visegradská spolupráce v Evropské unii
Pragmatizmus, aktivizmus a spolupráca ako základná charakteristika Visegrádskej spolupráce. Koordinácia stredoeurópskej agendy.
Guardado en:
| Autor principal: | |
|---|---|
| Formato: | Capítulo de libro |
| Lenguaje: | checo |
| Materias: | |
| Etiquetas: |
Sin Etiquetas, Sea el primero en etiquetar este registro!
|
MARC
| LEADER | 00000naa$a2200000$$$4500 | ||
|---|---|---|---|
| 001 | 0048499 | ||
| 005 | 20231016092459.0 | ||
| 041 | 0 | |a cze | |
| 044 | |a CZ | ||
| 245 | 1 | 0 | |a Visegradská spolupráce v Evropské unii |c Jan Kubáček |
| 520 | |a Pragmatizmus, aktivizmus a spolupráca ako základná charakteristika Visegrádskej spolupráce. Koordinácia stredoeurópskej agendy. | ||
| 610 | 2 | 0 | |a spolupráca cezhraničná |
| 610 | 2 | 0 | |a spolupráca hospodárska medzinárodná |
| 610 | 2 | 0 | |a stredná Európa |
| 610 | 2 | 0 | |a regióny ekonomické |
| 610 | 2 | 0 | |a koordinácia |
| 610 | 2 | 0 | |a Európska únia |
| 100 | 1 | |a Kubáček, Jan | |